Statistics for U.S. National Parks By Photo

Click here to take the quiz!

General Stats

  • This quiz has been taken 547 times
  • The average score is 9 of 15

Answer Stats

Answer% Correct
Yellowstone
97%
Joshua Tree
84%
Arches
76%
Sequoia
75%
Zion
73%
Acadia
66%
Glacier
66%
Crater Lake
65%
Denali
55%
Bryce Canyon
54%
Mesa Verde
47%
Death Valley
44%
Canyonlands
36%
Congaree
24%
Great Basin
16%

Score Distribution

Percentile by Number Answered

Percent of People with Each Score

Your Score History

You have not taken this quiz